000 01374nam a2200337 c 4500
003 BLK
005 20240729122650.0
008 180411b bul|||||r ||||||| ||bul||
010 _aKNG00192543000
020 _a978-619-151-213-3
_bиздат.: СофтПрес
040 _aBLK
041 _aBUL
_cBUL
072 7 _2bullib
_aН85
_xДетска художествена литература Н
080 _aНемска литература
_b821.112.2
_x-93-34
_z821.112.2-93-34
700 1 _aЙотова, Христина Ценкова
_974412
139 _aВилхелм Хауф
_bВ 59
245 1 0 _aВилхелм Хауф
_cподб. и лит. обраб. Христина Ценкова Йотова.
257 _aDEU
260 София
_bСофтПрес
_c2015
_fДобрич : ФолиАрт
300 _a128 с.
_bс ил.
_c24 см
380 _aDX
490 1 _aПриказна съкровищница
500 _aСъдържа: Джуджето дългоноско ; Еленовият гулден ; Каменното сърце ; Малкия мук ; Халифът щърк
659 _aН
852 _aЦб 282626
856 4 _qpdf
_u
856 4 _qpdf
_u
942 _cKNG
_n0
_04
944 _aCR
_c12.10.2016
_k30552
_lВиолета Тройчева
944 _aED
_c13.10.2016
_kПенка_Димитрова
999 _c183610
_d183610